| 000 | 01033nam a22002655i 4500 | ||
|---|---|---|---|
| 001 | 156486 | ||
| 003 | ES-MaACL | ||
| 005 | 20231112114821.0 | ||
| 008 | 150121s2011 sp |||| | spa d | ||
| 020 | _a978-84-938160-3-2 | ||
| 080 | _a598.2(460.184) | ||
| 100 | 1 |
_aRegueras Grande, José Ignacio. _9156157 |
|
| 245 | 1 | 0 |
_aAves de Zamora / _cJosé Ignacio Regueras Grande. |
| 260 |
_aBenavente : _bCentro de Estudios Benaventanos "Ledo del Pozo", _c2011. |
||
| 300 |
_a358 p. : il. col. y n., mapas ; _c24 cm. |
||
| 490 | 1 |
_aPatrimonio natural ; _v2 |
|
| 504 | _aBibliografía: p. 341-346. Índice. | ||
| 650 | 4 |
_aAves- _zZamora (Provincia) _9156158 |
|
| 710 | 2 |
_aCentro de Estudios Benaventanos "Ledo del Pozo" _9144530 |
|
| 830 | 0 |
_aPatrimonio natural ; _v2 _9192021 |
|
| 852 |
_aES-MaACL _jA-13328 _9162248 _bR.150325 _cDEPO1 _dOlim: N-6328 _hDonación: Centro de Estudios Benaventanos |
||
| 914 |
_9144530 _aCentro de Estudios Benaventanos "Ledo del Pozo" _ednr |
||
| 942 |
_2udc _cMONOGRAFIA |
||
| 999 |
_c156486 _d156486 |
||